Catálogo

Brunner y Suddarth : (Registro nro. 45336)

Detalles MARC
000 -LEADER
fixed length control field 01378cam a2200313 i 4500
001 - CONTROL NUMBER
control field 45336
003 - CONTROL NUMBER IDENTIFIER
control field Mx-PuUPA
005 - DATE AND TIME OF LATEST TRANSACTION
control field 20240614123540.0
008 - FIXED-LENGTH DATA ELEMENTS--GENERAL INFORMATION
fixed length control field 140415s2005 mx ad fr 000 0 spa d
020 ## - INTERNATIONAL STANDARD BOOK NUMBER
International Standard Book Number 9789701051054
Qualifying information obra completa
040 ## - CATALOGING SOURCE
Transcribing agency Mx-PuUPA
Original cataloging agency Mx-PuUPA
Language of cataloging spa
Modifying agency Mx-PuUPA
Description conventions rda
041 1# - LANGUAGE CODE
Language code of text/sound track or separate title spa
Language code of original eng
100 1# - MAIN ENTRY--PERSONAL NAME
Personal name Smeltzer, Suzanne C. O'Connell,
Dates associated with a name 1943-
9 (RLIN) 15632
Relator term autor
240 1# - UNIFORM TITLE
Uniform title Brunner & Suddarth's textbook of medical-surgical nursing.
Language of a work Español
245 10 - TITLE STATEMENT
Title Brunner y Suddarth :
Remainder of title enfermería medicoquirúrgica /
Statement of responsibility, etc. Suzanne C. O'Connell Smeltzer, Brenda G. Bare [y más de 50 colaboradores]
250 ## - EDITION STATEMENT
Edition statement Décima edición
264 #1 - PRODUCTION, PUBLICATION, DISTRIBUTION, MANUFACTURE, AND COPYRIGHT NOTICE
Place of production, publication, distribution, manufacture México, D. F. :
Name of producer, publisher, distributor, manufacturer McGraw-Hill Interamericana Editores,
Date of production, publication, distribution, manufacture, or copyright notice ©2005
300 ## - PHYSICAL DESCRIPTION
Extent 2 volúmenes (paginación varía) ;
Other physical details ilustraciones, diagramas, tablas ;
Dimensions 28 cm
336 ## - CONTENT TYPE
Fuente rdacontent
Content type term texto
Content type code txt
337 ## - MEDIA TYPE
Source rdamedia
Media type term sin medio
Media type code n
338 ## - CARRIER TYPE
Source rdacarrier
Carrier type term volumen
Carrier type code nc
650 #7 - SUBJECT ADDED ENTRY--TOPICAL TERM
Source of heading or term armarc
Topical term or geographic name entry element Enfermería quirúrgica
650 #7 - SUBJECT ADDED ENTRY--TOPICAL TERM
Source of heading or term armarc
Topical term or geographic name entry element Enfermería
General subdivision Tratados, Manuales, etc.
700 1# - ADDED ENTRY--PERSONAL NAME
Personal name Bare, Brenda G.,
Relator term autor
765 0# - ORIGINAL LANGUAGE ENTRY
Main entry heading Smeltzer, Suzanne C. O'Connell, 1943-
Place, publisher, and date of publication U.S.A. : Lippincott Williams & Wilkins, ©2004
Title Brunner & Suddarth's textbook of medical-surgical nursing.
International Standard Book Number 0781745004
942 ## - ADDED ENTRY ELEMENTS (KOHA)
Source of classification or shelving scheme Dewey Decimal Classification
Koha item type Libro
Classification part 617.0231
Item part S637
Existencias
Withdrawn status Lost status Source of classification or shelving scheme Damaged status Not for loan Collection code Home library Current library Shelving location Date acquired Source of acquisition Serial Enumeration / chronology Total Checkouts Full call number Barcode Date last seen Price effective from Koha item type
    Dewey Decimal Classification     General Tehuacán Tehuacán Sala general 11/02/2017 Compra v.1   617.0231 S637 2005 968000002369 08/01/2025 15/03/2017 Libro
    Dewey Decimal Classification     General Tehuacán Tehuacán Sala general 11/02/2017 Compra v.2   617.0231 S637 2005 968000002396 08/01/2025 11/02/2017 Libro